LEADER 00844nam 2200253z- 450 001 9910438219203321 005 20160818075453.0 010 $a1-56091-514-5 035 $a(CKB)4920000000059336 035 $a(EXLCZ)994920000000059336 100 $a20191013c1995uuuu -u- - 101 0 $aeng 200 00$aRMS, reliability, maintainability, and supportability guidebook /$fSAE International RMS Committee (G-11) 210 $cSAE International 606 $aReliability (Engineering) 606 $aMaintainability (Engineering) 615 0$aReliability (Engineering) 615 0$aMaintainability (Engineering) 676 $a620/.0045 712 02$aSAE International RMS Committee (G-11) 906 $aBOOK 912 $a9910438219203321 996 $aRMS, reliability, maintainability, and supportability guidebook$92867567 997 $aUNINA